Statistics for CW Arrowverse- All Main Villains

Click here to take the quiz!

General Stats

  • This quiz has been taken 580 times
    (437 since last reset)
  • The average score is 12 of 41

Answer Stats

HintAnswer% Correct
Arrow S2Slade Wilson/Deathstroke
91%
The Flash S1/LOT S2/Crisis On Earth-XEobard Thawne/Dr. Harrison Wells/Reverse-Flash
89%
Arrow S1/LOT S2Arthur King/CEO Malcolm Merlyn/Dark Archer
87%
The Flash S2Hunter Zolomon/Jason 'Jay' Garrick/Zoom
83%
The Flash S3/The Ray S1(Det.) Bartholomew H. 'Barry' Allen/Savitar/Dark Flash
77%
Arrow S3Ra's Al Ghul
70%
Arrow S5Adrian Chase/Simon Morrison/Prometheus
67%
Arrow S4/LOT S2-3Damien Darhk
67%
The Flash S4Clifford DeVoe/The Thinker
64%
Heroes Join Forces, LOT S1Hath Set/Vandal Savage/Dr. Curtis Knox/Sasha Mahnovski
54%
Arrow S6-7Ricardo Diaz/The Dragon
53%
Arrow S5-6Dinah L. Lance/Black Siren
33%
LOT S3Mallus
29%
Supergirl S3Samantha Arias/Reign
29%
Supergirl S1Gen. Astra In-Ze
24%
Arrow S6Cayden James
23%
LOT S3Eleanor 'Nora' Darhk
22%
Arrow S6Vincent 'Vinny' Sobel/Vigilante
22%
Supergirl S1Gen. Non In-Ze
21%
The Flash S4Marlize DeVoe/The Mechanic
21%
The Flash S3Dr. Caitlin Raymond (née Snow)/Killer Frost
18%
LOT S2Leonard Snart/Cpt. Cold
17%
Arrow S5Talia Al Ghul
16%
Supergirl S2Queen Rhea Gand of Daxam
12%
Supergirl S1Indigo/Brainiac 8
10%
Vixen S1/LOT S3Kuasa Jiwe
10%
Arrow S6Anatoly Knyazev
9%
LOT S3Grodd
7%
Invasion!The Dominators
7%
Supergirl S2Lillian Luthor
6%
Supergirl S3Dr. Grace Parker/Pestilence
5%
Crisis On Earth-X/The Ray S1Führer Oliver Queen/Black Arrow
5%
Supergirl S3Julia Freeman/Purity
5%
Supergirl S2Henry 'Hank' Henshaw/Cyborg Superman
4%
Crisis On Earth-X/The Ray S1Kara Zor-El/Gen. Kara Queen/Overgirl
3%
Constantine S1Manny
3%
Constantine S1Papa Midnite
3%
Supergirl S3Thomas Coville
2%
Vixen S2Benatu Eshu
1%
Flash vs. Arrow Part 2Digger Harkness/Cpt. Boomerang
0%
Flash vs. Arrow Part 1Roy G. Bivolo/Prism/Rainbow Raider
0%

Score Distribution

Percentile by Number Answered

Percent of People with Each Score

Your Score History

You have not taken this quiz since the last reset